| 000 | 00445nam a2200181Ia 4500 | ||
|---|---|---|---|
| 005 | 20250423095114.0 | ||
| 008 | 250422s9999 xx 000 0 und d | ||
| 020 | _a0201721651 | ||
| 050 | _aHF 5548 .32 .K348/ | ||
| 100 | _aKalakota, Ravi | ||
| 245 | 0 | _ae - Business 2.0 : roadmap for success | |
| 260 | _aNew Jersey | ||
| 260 | _bAddison - Wesley | ||
| 260 | _c2001 | ||
| 300 | _a505 p | ||
| 650 | _aElectronic Commerce | ||
| 942 | _cBK | ||
| 999 |
_c29254 _d29254 |
||